|
|
|
|
| LEADER |
00000cam a2200000 7i4500 |
| 001 |
0000066662 |
| 005 |
20161006.0 |
| 008 |
161006 |
| 020 |
|
|
|a 9830341631
|
| 020 |
|
|
|a 9830341712(set)
|
| 090 |
0 |
0 |
|a JF
|b MAL
|
| 100 |
1 |
|
|a Zulka
|
| 245 |
1 |
0 |
|a Azam baru
|c Zulka
|
| 260 |
|
|
|a Kuala Lumpur :
|b Penerbitan Hartamas ,
|c 2002
|
| 300 |
|
|
|a 37p. :
|b .ill.
|
| 490 |
1 |
|
|a Koleksi novel terpilih
|
| 500 |
|
|
|a Children ages 7-9 years old (orange)
|
| 650 |
|
0 |
|a Children's stories, Malay
|
| 999 |
|
|
|a 0000007873
|b Book
|c Children Collection
|e Cawangan Taman Universiti
|
| 999 |
|
|
|a 0000007874
|b Book
|c Children Collection
|e Cawangan Taman Universiti
|
| 999 |
|
|
|a 0000007875
|b Book
|c Children Collection
|e Cawangan Taman Universiti
|
| 999 |
|
|
|a 0000007876
|b Book
|c Teenagers
|e Cawangan Taman Universiti
|
| 999 |
|
|
|a 0000920070
|b Book
|c Children Collection
|e Cawangan Bukit Gambir
|
| 999 |
|
|
|a 0000920071
|b Book
|c Children Collection
|e Cawangan Bukit Gambir
|
| 999 |
|
|
|a 0000920072
|b Book
|c Children Collection
|e Cawangan Bukit Gambir
|
| 999 |
|
|
|a 0000928926
|b Book
|c Children Collection
|e Cawangan Tangkak
|
| 999 |
|
|
|a 0000928927
|b Book
|c Children Collection
|e Cawangan Tangkak
|
| 999 |
|
|
|a 0000928928
|b Book
|c Children Collection
|e Cawangan Tangkak
|